000
00285nam a2200121Ia 4500
008
190216s9999||||xx |||||||||||||| ||und||
100
_a
Raghavan V N
245
0
_a
Materials Science And Engineering
260
_b
Phi Learning
_c
2010
300
_a
437
650
_a
Physics
942
_c
BK
999
_c
34339
_d
34339